000 00361nam a2200133Ia 4500
008 151001s9999||||xx |||||||||||||| ||und||
100 _aनर्मदा इंदूरखा
245 _aकथा-कुंज
250 _a1
260 _bमुकेश पुस्तक निलय
260 _c2008
300 _a111
365 _b21
999 _c992718
_d992715